[Event "Ogolnopolski Turniej Fianchetto"]
[Site "Jastrzebia Gora"]
[Date "2015.??.??"]
[Round "4.29"]
[White "Nasalski, Leon"]
[Black "Flis, Jozef"]
[Result "1-0"]
[WhiteElo "1141"]
[BlackElo "1070"]
[PlyCount "39"]
[EventDate "2015.??.??"]

1. c4 e5 2. d4 d6 3. Nf3 Nf6 4. Nc3 Nc6 5. Nd5 Be6 6. Bg5 Be7 7. Qa4 h6 8. dxe5
Ne4 9. Bxe7 Qd7 10. Bh4 dxe5 11. Qb3 Nd4 12. Qxb7 Nc2+ 13. Kd1 O-O 14. Kxc2
Rfc8 15. Ne7+ Kh7 16. Nxc8 Rxc8 17. Qxe4+ g6 18. Nxe5 Qa4+ 19. b3 Rd8 20. bxa4
1-0

[Event "Ogolnopolski Turniej Fianchetto"]
[Site "Jastrzebia Gora"]
[Date "2015.??.??"]
[Round "5.2"]
[White "Wojcieszyn, Zdzislaw"]
[Black "Mackowiak, Marek"]
[Result "0-1"]
[WhiteElo "1982"]
[BlackElo "2123"]
[PlyCount "39"]
[EventDate "2015.??.??"]

1. d4 d5 2. c4 c6 3. Nc3 Nf6 4. Nf3 dxc4 5. a4 Bf5 6. e3 e6 7. Bxc4 Nbd7 8. Bd3
Qa5 9. Bxf5 Qxf5 10. O-O Be7 11. Qe2 Ne4 12. Nxe4 Qxe4 13. Nd2 Qd5 14. Qd3 c5
15. Qe4 Qxe4 16. Nxe4 cxd4 17. exd4 O-O 18. Be3 Nf6 19. Rfc1 Nd5 20. Nc5 {...41
} 0-1

[Event "Ogolnopolski Turniej Fianchetto"]
[Site "Jastrzebia Gora"]
[Date "2015.??.??"]
[Round "5.3"]
[White "Pioch, Zygmunt"]
[Black "Zminda, Bogdan"]
[Result "1/2-1/2"]
[WhiteElo "2057"]
[BlackElo "1944"]
[PlyCount "55"]
[EventDate "2015.??.??"]

1. e4 c5 2. Nf3 Nc6 3. d4 cxd4 4. Nxd4 Nf6 5. Nc3 e6 6. Ndb5 d6 7. Bf4 e5 8.
Bg5 a6 9. Na3 b5 10. Nd5 Qa5+ 11. Bd2 Qd8 12. Nxf6+ Qxf6 13. Bd3 Qg6 14. Qf3
Nd4 15. Qg3 Bb7 16. f3 Qxg3+ 17. hxg3 d5 18. Rh5 Bxa3 19. bxa3 dxe4 20. Rxe5+
Kd7 21. fxe4 Rae8 22. Rxe8 Rxe8 23. O-O-O Kc8 24. Re1 Ne6 25. Be3 h6 26. Re2 f6
27. Kb2 Ng5 28. Bxg5 1/2-1/2

[Event "Ogolnopolski Turniej Fianchetto"]
[Site "Jastrzebia Gora"]
[Date "2015.??.??"]
[Round "5.4"]
[White "Bakalarz, Leszek"]
[Black "Kubin, Aleksander"]
[Result "1-0"]
[WhiteElo "2124"]
[BlackElo "1812"]
[PlyCount "97"]
[EventDate "2015.??.??"]

1. e4 e6 2. d4 d5 3. Nc3 dxe4 4. Nxe4 Nd7 5. Nf3 Be7 6. Bd3 Ngf6 7. Nxf6+ Bxf6
8. O-O O-O 9. c3 c5 10. Be3 cxd4 11. Nxd4 Re8 12. Qc2 Nf8 13. Rfd1 Bd7 14. Nb5
Qb8 15. Bxh7+ Kh8 16. Bd3 a6 17. Nd4 e5 18. Nb3 Qc7 19. a4 Ne6 20. a5 Bc6 21.
Bb6 Qe7 22. Be4 Rac8 23. Bxc6 Rxc6 24. Qe4 g6 25. Rd2 Bg5 26. Rd5 Nf4 27. Rxe5
Ne6 28. Re1 Bf6 29. Rd5 Qf8 30. Rd7 Ng7 31. Qb1 Rxe1+ 32. Qxe1 Re6 33. Qd1 Qe8
34. Kf1 Qc8 35. Nc5 Rxb6 36. axb6 Qxc5 37. Rxb7 Nh5 38. g3 Qc6 39. Qd7 Qh1+ 40.
Ke2 Qe4+ 41. Kd2 Bg5+ 42. f4 Nxf4 43. Qd4+ Qxd4+ 44. cxd4 Ne6+ 45. Kd3 Kg7 46.
Rd7 Bf6 47. Kc4 Nd8 48. d5 Kf8 49. b7 1-0

[Event "Ogolnopolski Turniej Fianchetto"]
[Site "Jastrzebia Gora"]
[Date "2015.??.??"]
[Round "5.5"]
[White "Barnowski, Sylwester"]
[Black "Matuszczyk, Krystian"]
[Result "1/2-1/2"]
[WhiteElo "1893"]
[BlackElo "1970"]
[PlyCount "43"]
[EventDate "2015.??.??"]

1. d4 Nf6 2. c4 g6 3. Nc3 Bg7 4. e4 O-O 5. e5 Ne8 6. f4 d6 7. Nf3 Bg4 8. Be2 c5
9. dxc5 Nc6 10. cxd6 exd6 11. exd6 Nxd6 12. c5 Bxf3 13. Bxf3 Re8+ 14. Be2 Ne4
15. Nxe4 Qxd1+ 16. Bxd1 Rxe4+ 17. Kf2 Rae8 18. Bf3 Bd4+ 19. Kg3 R4e7 20. a3
Bxc5 21. b4 Bd4 22. Ra2 1/2-1/2

[Event "Ogolnopolski Turniej Fianchetto"]
[Site "Jastrzebia Gora"]
[Date "2015.??.??"]
[Round "5.6"]
[White "Krawcewicz, Lucyna"]
[Black "Marczukiewicz, Jerzy"]
[Result "1/2-1/2"]
[WhiteElo "1874"]
[BlackElo "1932"]
[PlyCount "109"]
[EventDate "2015.??.??"]

1. d4 d5 2. Nf3 Nf6 3. e3 Bf5 4. c4 c6 5. Nc3 e6 6. Ne5 Nbd7 7. cxd5 exd5 8.
Bd3 Bxd3 9. Nxd3 Bd6 10. O-O O-O 11. f4 Qe7 12. Ne5 Ne4 13. Nxe4 dxe4 14. Qc2
Nf6 15. a3 Nd5 16. Bd2 f5 17. Qb3 Kh8 18. Nc4 Rf7 19. Rac1 Re8 20. Rc2 Bb8 21.
Rfc1 Rg8 22. Be1 g5 23. Ne5 Bxe5 24. fxe5 f4 25. Bf2 Qd8 26. Re1 f3 27. Bg3 Rg6
28. Rf2 Qa5 29. Qd1 g4 30. Qc1 h5 31. b4 Qd8 32. Qc2 h4 33. Qxe4 hxg3 34. hxg3
Qg8 35. e6 Re7 36. Qe5+ Qg7 37. Qxg7+ Kxg7 38. gxf3 gxf3 39. Rxf3 Rgxe6 40. Kf2
Rf7 41. Rxf7+ Kxf7 42. e4 Nc3 43. Kf3 Nb5 44. Rh1 Kg7 45. d5 Rf6+ 46. Ke3 cxd5
47. exd5 Nxa3 48. Ke4 Rg6 49. Rd1 Nb5 50. Kf4 Kf7 51. Rd3 Ke7 52. g4 Kd6 53.
Kf5 Rg8 54. g5 a6 55. g6 {...80} 1/2-1/2

[Event "Ogolnopolski Turniej Fianchetto"]
[Site "Jastrzebia Gora"]
[Date "2015.??.??"]
[Round "5.7"]
[White "Relidzynski, Tadeusz"]
[Black "Zarow, Zdzislaw"]
[Result "1-0"]
[WhiteElo "1833"]
[BlackElo "1901"]
[PlyCount "54"]
[EventDate "2015.??.??"]

1. e4 e5 2. Nf3 Nf6 3. Nxe5 d5 4. exd5 Qxd5 5. Nf3 Nc6 6. Nc3 Qh5 7. Be2 Bd6 8.
Nd4 Qg6 9. Nxc6 bxc6 10. Bf3 O-O 11. O-O Bd7 12. d3 Rfe8 13. Bd2 Rab8 14. b3
Rb4 15. Ne4 Rbxe4 16. dxe4 Nxe4 17. Re1 Bxh2+ 18. Kxh2 Qd6+ 19. Kg1 Nxd2 20.
Rxe8+ Bxe8 21. Qe2 Nxf3+ 22. Qxf3 Qe5 23. Rd1 f6 24. Qe3 Qh5 25. Qe6+ Kf8 26.
Re1 Qf7 27. Qxf7+ Kxf7 1-0

[Event "Ogolnopolski Turniej Fianchetto"]
[Site "Jastrzebia Gora"]
[Date "2015.??.??"]
[Round "5.8"]
[White "Winiarski, Kazimierz"]
[Black "Grabczynski, Zdzislaw"]
[Result "1-0"]
[WhiteElo "1934"]
[BlackElo "1659"]
[PlyCount "59"]
[EventDate "2015.??.??"]

1. e4 d6 2. d4 Nf6 3. Nc3 g6 4. Nf3 Bg7 5. Be2 c6 6. O-O b5 7. a3 O-O 8. Bf4 a6
9. Qd2 Re8 10. Rad1 Qc7 11. e5 Nh5 12. Bh6 Bh8 13. h3 f5 14. Nh4 Ng7 15. f4 d5
16. g4 Be6 17. Qe3 Qd7 18. Qg3 a5 19. Bxg7 Bxg7 20. gxf5 Bxf5 21. Nxf5 Qxf5 22.
Bd3 Qh5 23. f5 g5 24. f6 exf6 25. exf6 Bxf6 26. Rxf6 b4 27. Ne2 bxa3 28. bxa3
Ra7 29. Qg4 Qxg4+ 30. hxg4 1-0

[Event "Ogolnopolski Turniej Fianchetto"]
[Site "Jastrzebia Gora"]
[Date "2015.??.??"]
[Round "5.9"]
[White "Mettel, Werner"]
[Black "Miozga, Tomasz"]
[Result "0-1"]
[WhiteElo "1824"]
[BlackElo "1926"]
[PlyCount "80"]
[EventDate "2015.??.??"]

1. e4 d6 2. d4 g6 3. Nf3 Bg7 4. c3 c6 5. Be2 Nd7 6. O-O Qc7 7. Bf4 e5 8. dxe5
dxe5 9. Be3 Ngf6 10. Nbd2 O-O 11. h3 Re8 12. Qc2 Nf8 13. Rad1 Nh5 14. Nh2 Nf4
15. Bg4 N8e6 16. g3 h5 17. Bxe6 Nxe6 18. Nhf3 b6 19. Kh1 Ba6 20. Rg1 Rad8 21.
Nb3 c5 22. Kg2 c4 23. Nc1 Qc6 24. Nd2 Bb7 25. f3 Rd7 26. Rge1 Red8 27. Kf2 a6
28. h4 b5 29. Ke2 f5 30. Bf2 Bh6 31. Nf1 fxe4 32. fxe4 Qxe4+ 33. Qxe4 Bxe4 34.
Rxd7 Rxd7 35. Be3 Bf8 36. Nd2 Bf5 37. a3 Nc5 38. Bg5 e4 39. Bf4 Na4 40. Nxe4
Bxe4 0-1

[Event "Ogolnopolski Turniej Fianchetto"]
[Site "Jastrzebia Gora"]
[Date "2015.??.??"]
[Round "5.10"]
[White "Przybyl, Jozef"]
[Black "Czech, Mieczyslaw"]
[Result "1/2-1/2"]
[WhiteElo "1801"]
[BlackElo "1860"]
[PlyCount "120"]
[EventDate "2015.??.??"]

1. e4 g6 2. d4 Bg7 3. c3 d6 4. f4 e6 5. Nf3 Ne7 6. Bd3 O-O 7. O-O Nd7 8. e5 d5
9. Na3 Nb6 10. Nc2 a5 11. Ne3 Bd7 12. g4 Qc8 13. g5 c5 14. Ng4 Nf5 15. Nf6+ Kh8
16. b3 cxd4 17. Bxf5 exf5 18. cxd4 Bxf6 19. gxf6 Qc3 20. Ba3 Qe3+ 21. Kh1 Qxf4
22. Bxf8 Rxf8 23. Qc1 Qxc1 24. Rfxc1 Bc6 25. Kg2 h6 26. h4 Re8 27. Kg3 Nd7 28.
a3 Nf8 29. Rc5 Ra8 30. Rac1 Ra6 31. R5c3 Ne6 32. Rd1 Kh7 33. Ng1 g5 34. hxg5
hxg5 35. Ne2 Kg6 36. Kf3 f4 37. Kg4 Bd7 38. Kf3 g4+ 39. Kf2 Kf5 40. Rh1 Ra8 41.
Rh7 Rf8 42. Rc1 g3+ 43. Ke1 Kg4 44. Nc3 Bc6 45. b4 axb4 46. axb4 f3 47. b5 Bd7
48. Nxd5 f2+ 49. Kd2 Bxb5 50. Ne3+ Kg5 51. d5 Nd4 52. Rb1 Ba6 53. Rg7+ Kf4 54.
Rg4+ Kxe5 55. Rxg3 Kxf6 56. Ng4+ Ke7 57. Nxf2 Rd8 58. Re3+ Kf8 59. Kc3 Nb5+ 60.
Kb4 Rxd5 1/2-1/2

[Event "Ogolnopolski Turniej Fianchetto"]
[Site "Jastrzebia Gora"]
[Date "2015.??.??"]
[Round "5.12"]
[White "Les, Czeslaw"]
[Black "Piasecki, Stanislaw"]
[Result "1/2-1/2"]
[WhiteElo "1874"]
[BlackElo "1589"]
[PlyCount "73"]
[EventDate "2015.??.??"]

1. d4 Nf6 2. Bg5 e6 3. e4 Be7 4. Bd3 d6 5. f4 b6 6. Nd2 Bb7 7. Ngf3 h6 8. Bxf6
Bxf6 9. Qe2 Nd7 10. e5 Be7 11. O-O-O d5 12. g4 c5 13. c3 c4 14. Bc2 Bc6 15. f5
Qc7 16. fxe6 fxe6 17. Bg6+ Kd8 18. h4 Kc8 19. g5 Kb7 20. Bf7 Nf8 21. g6 a5 22.
Rdf1 b5 23. Ne1 b4 24. Nb1 Qb6 25. Rh2 Rb8 26. Qg4 Bd7 27. Nc2 Ka7 28. Ne3 h5
29. Qg2 bxc3 30. Nxc3 Qxd4 31. Nexd5 exd5 32. Bxd5 Bxh4 33. Rxh4 Qxh4 34. Rf7
Qe1+ 35. Kc2 Qxe5 36. Qf2+ Rb6 37. Bxc4 {...65} 1/2-1/2

[Event "Ogolnopolski Turniej Fianchetto"]
[Site "Jastrzebia Gora"]
[Date "2015.??.??"]
[Round "5.13"]
[White "Woda, Janusz"]
[Black "Karolak, Jan"]
[Result "1-0"]
[WhiteElo "1588"]
[BlackElo "1832"]
[PlyCount "49"]
[EventDate "2015.??.??"]

1. b4 e5 2. Bb2 Bxb4 3. Bxe5 Nf6 4. e3 O-O 5. a3 Ba5 6. Qf3 d6 7. Bxf6 Qxf6 8.
Qxf6 gxf6 9. Bd3 Nc6 10. f4 Re8 11. Kf2 Ne7 12. Nf3 Ng6 13. Ra2 Bb6 14. g3 Bh3
15. Nc3 c6 16. Ne4 Re6 17. Nd4 Bxd4 18. exd4 Rae8 19. Nc3 f5 20. Rb2 b6 21. d5
R6e7 22. dxc6 Rc8 23. Nd5 Re6 24. c7 Ne7 25. Ba6 1-0

[Event "Ogolnopolski Turniej Fianchetto"]
[Site "Jastrzebia Gora"]
[Date "2015.??.??"]
[Round "5.14"]
[White "Zelajtys, Jozef"]
[Black "Najdzionek, Boleslaw"]
[Result "0-1"]
[WhiteElo "1581"]
[BlackElo "1818"]
[PlyCount "40"]
[EventDate "2015.??.??"]

1. e4 c5 2. g3 Nc6 3. Bg2 g6 4. Ne2 Bg7 5. O-O e6 6. d3 Nge7 7. Nbc3 O-O 8. Be3
d6 9. Qd2 a6 10. Bh6 Qc7 11. h4 Nd4 12. Bxg7 Kxg7 13. Nf4 Rb8 14. Nce2 e5 15.
Nh3 Bxh3 16. Nxd4 Bxg2 17. Nf5+ Nxf5 18. exf5 Bxf1 19. Rxf1 f6 20. Qe2 Qf7 0-1

[Event "Ogolnopolski Turniej Fianchetto"]
[Site "Jastrzebia Gora"]
[Date "2015.??.??"]
[Round "5.15"]
[White "Fojcik, Krzysztof"]
[Black "Schils, Heinz"]
[Result "1/2-1/2"]
[WhiteElo "1582"]
[BlackElo "1797"]
[PlyCount "53"]
[EventDate "2015.??.??"]

1. e4 c6 2. d4 d5 3. Nc3 g6 4. Bf4 Bg7 5. Nf3 Bg4 6. exd5 cxd5 7. Be2 Nc6 8.
O-O Nf6 9. Nb5 O-O 10. c3 a6 11. Na3 Ne4 12. Nd2 Bxe2 13. Qxe2 Nxd2 14. Qxd2
Re8 15. Rfe1 b5 16. Nc2 e6 17. Ne3 b4 18. Ng4 bxc3 19. bxc3 Qd7 20. Bh6 f6 21.
Bxg7 Qxg7 22. Qf4 f5 23. Ne5 Nxe5 24. Rxe5 Rac8 25. Qe3 Qd7 26. Re1 Rc6 27. g3
1/2-1/2

[Event "Ogolnopolski Turniej Fianchetto"]
[Site "Jastrzebia Gora"]
[Date "2015.??.??"]
[Round "5.16"]
[White "Kondrusik, Aleksander"]
[Black "Rogalski, Krzysztof"]
[Result "1/2-1/2"]
[WhiteElo "1554"]
[BlackElo "1788"]
[PlyCount "64"]
[EventDate "2015.??.??"]

1. e4 e5 2. Nc3 Nf6 3. g3 Bc5 4. Bg2 Nc6 5. Nge2 d6 6. O-O a6 7. h3 O-O 8. d3
h6 9. Kh2 b5 10. Be3 Bxe3 11. fxe3 Bb7 12. Nd5 Nxd5 13. exd5 Ne7 14. e4 f5 15.
Qd2 Qd7 16. Rf2 Rf7 17. Raf1 Raf8 18. b3 Ng6 19. Qe3 c5 20. exf5 Rxf5 21. Rxf5
Rxf5 22. Rxf5 Qxf5 23. Be4 Qf6 24. Kg2 Ne7 25. c4 b4 26. Qc1 Bc8 27. Qg1 Qg5
28. Qf2 Qd2 29. Ng1 Qg5 30. Nf3 Qh5 31. g4 Qf7 32. Nh4 h5 1/2-1/2

[Event "Ogolnopolski Turniej Fianchetto"]
[Site "Jastrzebia Gora"]
[Date "2015.??.??"]
[Round "5.17"]
[White "Szydlowski, Wiktor"]
[Black "Krzystala, Henryk"]
[Result "1-0"]
[WhiteElo "1787"]
[BlackElo "1575"]
[PlyCount "47"]
[EventDate "2015.??.??"]

1. e4 e6 2. d4 d5 3. Nc3 c5 4. exd5 exd5 5. dxc5 d4 6. Ne4 Bf5 7. Bd3 Bxe4 8.
Bxe4 Nc6 9. Qe2 Be7 10. b4 a5 11. b5 Qc7 12. bxc6 bxc6 13. Bf4 Qd7 14. Bd6 Rc8
15. Nf3 Nf6 16. Ne5 Qb7 17. Bxc6+ Rxc6 18. Nxc6 Nd5 19. Nxe7 Nxe7 20. Qxe7+
Qxe7+ 21. Bxe7 Kxe7 22. Rb1 Re8 23. a4 Kd7+ 24. Kd2 1-0

[Event "Ogolnopolski Turniej Fianchetto"]
[Site "Jastrzebia Gora"]
[Date "2015.??.??"]
[Round "5.18"]
[White "Skladzien, Romuald"]
[Black "Mackowiak, Bogusz"]
[Result "1/2-1/2"]
[WhiteElo "1762"]
[BlackElo "1435"]
[PlyCount "36"]
[EventDate "2015.??.??"]

1. d4 d6 2. e4 g6 3. f4 Bg7 4. Nf3 Nf6 5. Bd3 Nc6 6. c3 O-O 7. O-O a6 8. d5 Nb8
9. Be3 b6 10. h3 a5 11. Bd4 e6 12. c4 Na6 13. Nc3 Nb4 14. Bb1 exd5 15. cxd5 Na6
16. g4 Re8 17. g5 Nh5 18. Nh2 Bxh3 1/2-1/2

[Event "Ogolnopolski Turniej Fianchetto"]
[Site "Jastrzebia Gora"]
[Date "2015.??.??"]
[Round "5.19"]
[White "Kopij, Jozef"]
[Black "Janocha, Jan"]
[Result "0-1"]
[WhiteElo "1382"]
[BlackElo "1736"]
[PlyCount "79"]
[EventDate "2015.??.??"]

1. d4 e6 2. c4 b6 3. Nc3 Bb7 4. Bf4 Be7 5. e3 Nf6 6. Nb5 d6 7. Nf3 O-O 8. Bd3
Nh5 9. Bg3 Nd7 10. Qc2 g6 11. e4 a6 12. Nc3 c5 13. d5 e5 14. O-O-O Rc8 15. Be2
Ng7 16. h4 f5 17. h5 f4 18. h6 Ne8 19. Bh4 g5 20. g3 gxh4 21. gxf4 Rxf4 22.
Rdg1+ Kh8 23. Ne1 Rf8 24. Bg4 Rc7 25. Qe2 Bg5+ 26. Kb1 Bc8 27. Ng2 Qf6 28. f3
Qxh6 29. Be6 Ndf6 30. Bxc8 Rxc8 31. Rh3 Ng7 32. Rgh1 Qg6 33. Nxh4 Bxh4 34. Rxh4
Ngh5 35. Qh2 Nf4 36. Rg1 Qf7 37. Nd1 Rg8 38. Rh1 Rg2 39. Rxh7+ Nxh7 40. Qh6 0-1

[Event "Ogolnopolski Turniej Fianchetto"]
[Site "Jastrzebia Gora"]
[Date "2015.??.??"]
[Round "5.22"]
[White "Grobelna, Ewa"]
[Black "Wroblewski, Mieczyslaw"]
[Result "0-1"]
[WhiteElo "1533"]
[BlackElo "1773"]
[PlyCount "55"]
[EventDate "2015.??.??"]

1. d4 Nf6 2. Nc3 d5 3. Nf3 h6 4. e3 Bf5 5. Bd3 Qd7 6. Qe2 Be4 7. O-O Bxd3 8.
cxd3 e6 9. Ne5 Qd8 10. Qf3 c6 11. a3 Bd6 12. Bd2 Nbd7 13. Nxd7 Qxd7 14. e4 Be7
15. e5 Nh7 16. Qg4 Bf8 17. f4 f5 18. exf6 Nxf6 19. Qg6+ Qf7 20. f5 Qxg6 21.
fxg6 O-O-O 22. Rac1 Bd6 23. Nb5 a6 24. Nc3 Rde8 25. Rce1 e5 26. dxe5 Bxe5 27.
Rxe5 Rxe5 28. Na4 {...60} 0-1

[Event "Ogolnopolski Turniej Fianchetto"]
[Site "Jastrzebia Gora"]
[Date "2015.??.??"]
[Round "5.24"]
[White "Gackowski, Marian"]
[Black "Pilecki, Jozef"]
[Result "1-0"]
[WhiteElo "1223"]
[BlackElo "1371"]
[PlyCount "37"]
[EventDate "2015.??.??"]

1. d4 d5 2. Nf3 Nc6 3. e3 a6 4. c4 h6 5. Nc3 Bf5 6. a3 e6 7. c5 b6 8. b4 Be7 9.
b5 Na5 10. bxa6 Nc4 11. Bxc4 dxc4 12. Qa4+ Kf8 13. Qxc4 bxc5 14. O-O cxd4 15.
Nxd4 Bh7 16. Rd1 Qc8 17. Nc6 Rxa6 18. Nxe7 Nxe7 19. Qxa6 1-0

[Event "Ogolnopolski Turniej Fianchetto"]
[Site "Jastrzebia Gora"]
[Date "2015.??.??"]
[Round "5.25"]
[White "Jurkiewicz, Kazimierz"]
[Black "Budnik, Kazimierz"]
[Result "0-1"]
[WhiteElo "1336"]
[BlackElo "1250"]
[PlyCount "73"]
[EventDate "2015.??.??"]

1. d4 d5 2. Bf4 e6 3. e3 Nf6 4. h3 h6 5. Nf3 a6 6. a3 Be7 7. Nbd2 Nc6 8. b4 O-O
9. c4 dxc4 10. Bxc4 b5 11. Bd3 Bb7 12. O-O Nd5 13. Bh2 Re8 14. Qb3 Nf6 15. Rfc1
Bd6 16. Rc3 Bxh2+ 17. Kxh2 Qd6+ 18. Kh1 Ne7 19. Ne5 Rac8 20. Rac1 Bd5 21. Qc2
c6 22. e4 Nxe4 23. Nxe4 Bxe4 24. Bxe4 Qxd4 25. Nf3 Qb6 26. Bxc6 Nxc6 27. Rxc6
Rxc6 28. Qxc6 Qb8 29. Qe4 Rd8 30. Re1 Rd5 31. Qe3 Qd8 32. g3 Rd3 33. Qe2 Qd5
34. Qe5 Rxf3 35. Re3 Rxf2+ 36. Kg1 Rd2 37. Rc3 0-1

[Event "Ogolnopolski Turniej Fianchetto"]
[Site "Jastrzebia Gora"]
[Date "2015.??.??"]
[Round "5.26"]
[White "Krupecka-czarkowska, Danuta"]
[Black "Grabarczyk, Edmund"]
[Result "0-1"]
[WhiteElo "1091"]
[BlackElo "1284"]
[PlyCount "40"]
[EventDate "2015.??.??"]

1. e3 e5 2. d3 d5 3. e4 dxe4 4. dxe4 Qxd1+ 5. Kxd1 Nf6 6. Nc3 Bb4 7. Bd2 O-O 8.
Nf3 Ng4 9. Kc1 Nxf2 10. Rg1 Nc6 11. Bb5 f6 12. Nd5 Bxd2+ 13. Nxd2 Nd4 14. Rf1
Ng4 15. Nxc7 Rb8 16. h3 Ne3 17. Rf2 Nexc2 18. Rb1 Nb4 19. a3 Nxb5 20. Nxb5 Nd3+
0-1

[Event "Ogolnopolski Turniej Fianchetto"]
[Site "Jastrzebia Gora"]
[Date "2015.??.??"]
[Round "5.29"]
[White "Wojciechowski, Tomasz"]
[Black "Nasalski, Leon"]
[Result "0-1"]
[WhiteElo "1265"]
[BlackElo "1141"]
[PlyCount "73"]
[EventDate "2015.??.??"]

1. e4 e5 2. Nf3 Nc6 3. c3 Nf6 4. d4 d6 5. dxe5 dxe5 6. Qxd8+ Nxd8 7. Nxe5 Nxe4
8. Bd3 Nc5 9. Bc2 Bd6 10. Be3 O-O 11. O-O b6 12. Nf3 Re8 13. Nbd2 g6 14. Rfe1
Nde6 15. Rad1 Bb7 16. Nc4 Bf4 17. Nd4 Bxe3 18. Rxe3 Nf4 19. Nb5 Rec8 20. f3 Ba6
21. Nba3 c6 22. Nd6 Rd8 23. Re7 Rf8 24. Ne4 Rfe8 25. Rxe8+ Rxe8 26. Nf6+ Kf8
27. Nxe8 Kxe8 28. c4 b5 29. cxb5 cxb5 30. b4 Nd7 31. Kf2 h5 32. Rd6 Nb8 33. Be4
Ke7 34. Rxa6 Nxa6 35. Nxb5 Nxb4 36. g3 Nh3+ 37. Ke3 {...59} 0-1

[Event "Ogolnopolski Turniej Fianchetto"]
[Site "Jastrzebia Gora"]
[Date "2015.??.??"]
[Round "6.3"]
[White "Zminda, Bogdan"]
[Black "Bakalarz, Leszek"]
[Result "0-1"]
[WhiteElo "1944"]
[BlackElo "2124"]
[PlyCount "34"]
[EventDate "2015.??.??"]

1. e4 c5 2. Nf3 d6 3. d4 cxd4 4. Nxd4 Nf6 5. Nc3 g6 6. Be2 Bg7 7. Be3 $11 O-O
8. Qd2 Nc6 9. Nb3 Be6 10. Bh6 Bxh6 11. Qxh6 a5 12. O-O-O Qb6 13. Nd5 Bxd5 14.
exd5 Nb4 15. a3 Nxc2 16. Kxc2 Rac8+ 17. Kb1 Qxb3 0-1

[Event "Ogolnopolski Turniej Fianchetto"]
[Site "Jastrzebia Gora"]
[Date "2015.??.??"]
[Round "6.4"]
[White "Relidzynski, Tadeusz"]
[Black "Wojcieszyn, Zdzislaw"]
[Result "1/2-1/2"]
[WhiteElo "1833"]
[BlackElo "1982"]
[PlyCount "51"]
[EventDate "2015.??.??"]

1. e4 c5 2. Nf3 Nc6 3. d4 cxd4 4. Nxd4 e6 5. c3 Nf6 6. Bd3 e5 7. Nb3 d5 8. exd5
Qxd5 9. O-O Be7 10. c4 Qd6 11. Nc3 O-O 12. Qe2 Bg4 13. f3 Bh5 14. Re1 Qe6 15.
Ne4 Nxe4 16. Bxe4 Bg6 17. Bd5 Qf5 18. Be3 Bg5 19. Rac1 Bxe3+ 20. Qxe3 Qf6 21.
Rcd1 Rad8 22. Be4 Rxd1 23. Rxd1 Rd8 24. Rxd8+ Qxd8 25. Qd2 Qxd2 26. Nxd2
1/2-1/2

[Event "Ogolnopolski Turniej Fianchetto"]
[Site "Jastrzebia Gora"]
[Date "2015.??.??"]
[Round "6.5"]
[White "Matuszczyk, Krystian"]
[Black "Krawcewicz, Lucyna"]
[Result "1-0"]
[WhiteElo "1970"]
[BlackElo "1874"]
[PlyCount "41"]
[EventDate "2015.??.??"]

1. g3 d5 2. Bg2 e5 3. Nf3 e4 4. Nd4 c5 5. Nb3 Nf6 6. O-O Be7 7. d3 exd3 8. cxd3
O-O 9. Nc3 Nc6 10. Bg5 Be6 11. d4 c4 12. Nc5 b6 13. Nxe6 fxe6 14. Bh3 Kf7 15.
e3 Qd7 16. f4 g6 17. Bh6 Rfe8 18. g4 Ng8 19. f5 exf5 20. gxf5 Nxh6 21. fxg6+
1-0

[Event "Ogolnopolski Turniej Fianchetto"]
[Site "Jastrzebia Gora"]
[Date "2015.??.??"]
[Round "6.6"]
[White "Miozga, Tomasz"]
[Black "Winiarski, Kazimierz"]
[Result "1-0"]
[WhiteElo "1926"]
[BlackElo "1934"]
[PlyCount "119"]
[EventDate "2015.??.??"]

1. c4 f5 2. Nc3 Nf6 3. g3 g6 4. Bg2 Bg7 5. e3 c6 6. d4 d5 7. cxd5 cxd5 8. Qb3
e6 9. Nge2 O-O 10. O-O Nc6 11. Nf4 Na5 12. Qd1 Re8 13. Nd3 Nc4 14. b3 Nd6 15.
Ba3 Bf8 16. Bb2 Nf7 17. Rc1 Bd7 18. Nc5 b6 19. Nxd7 Qxd7 20. Ne2 Rac8 21. Qd3
b5 22. Rfd1 a6 23. Qd2 Rxc1 24. Rxc1 Rc8 25. Nf4 Bd6 26. Nd3 Rxc1+ 27. Qxc1 Nd8
28. Ba3 Ne8 29. Bxd6 Qxd6 30. Qc8 a5 31. Nc5 Kf7 32. Bf1 Qc7 33. Qa6 b4 34. Bb5
Nf6 35. f3 g5 36. Bd3 g4 37. f4 Ke7 38. Qb5 Kf7 39. Kf2 Ne4+ 40. Bxe4 dxe4 41.
Qa6 Ke7 42. Qa8 Kf7 43. Ke2 Ke7 44. Kd2 Kf7 45. Kc2 Ke7 46. Kb2 Qb6 47. Qc8 Qc6
48. Qb8 Qd6 49. Qa7+ Ke8 50. Qxh7 Nc6 51. Qg8+ Ke7 52. Qg7+ Ke8 53. Qf6 Nd8 54.
h4 gxh3 55. Qh8+ Qf8 56. Qxh3 Qg7 57. Qh4 Nc6 58. Nxe6 Qg4 59. Qxg4 fxg4 60.
Nc5 1-0

[Event "Ogolnopolski Turniej Fianchetto"]
[Site "Jastrzebia Gora"]
[Date "2015.??.??"]
[Round "6.7"]
[White "Marczukiewicz, Jerzy"]
[Black "Barnowski, Sylwester"]
[Result "1-0"]
[WhiteElo "1932"]
[BlackElo "1893"]
[PlyCount "41"]
[EventDate "2015.??.??"]

1. Nf3 Nf6 2. c4 c6 3. d4 d5 4. Nc3 e6 5. e3 Bd6 6. Qc2 O-O 7. b3 Nbd7 8. Be2
b6 9. Bb2 Ba6 10. O-O dxc4 11. bxc4 c5 12. Qa4 Bb7 13. Rfd1 Qe7 14. Nb5 Bc6 15.
Ne5 Bxe5 16. dxe5 Ne8 17. Qc2 Bxb5 18. cxb5 Nc7 19. Qd2 Rfd8 20. Qd6 Nd5 21.
Rxd5 1-0

[Event "Ogolnopolski Turniej Fianchetto"]
[Site "Jastrzebia Gora"]
[Date "2015.??.??"]
[Round "6.8"]
[White "Janocha, Jan"]
[Black "Chojnowski, Marcin"]
[Result "0-1"]
[WhiteElo "1736"]
[BlackElo "2033"]
[PlyCount "61"]
[EventDate "2015.??.??"]

1. e4 c5 2. Nc3 Nc6 3. f4 g6 4. Nf3 Bg7 5. Be2 d6 6. d3 Bg4 7. Be3 Bxf3 8. Bxf3
e6 9. O-O Nd4 10. Rb1 Ne7 11. Ne2 Nec6 12. c3 Nxf3+ 13. Rxf3 O-O 14. Ng3 b5 15.
a3 b4 16. axb4 cxb4 17. d4 bxc3 18. bxc3 Qa5 19. Bd2 Rfb8 20. e5 Rxb1 21. Qxb1
Nxd4 22. Rd3 Nf5 23. Nxf5 gxf5 24. Rxd6 Bf8 25. Rd3 Bc5+ 26. Kh1 Qb6 27. Qc1
Rb8 28. Qd1 Qb1 29. Bc1 h6 30. Rf3 Ba3 31. Rf1 {...41} 0-1

[Event "Ogolnopolski Turniej Fianchetto"]
[Site "Jastrzebia Gora"]
[Date "2015.??.??"]
[Round "6.9"]
[White "Zarow, Zdzislaw"]
[Black "Szydlowski, Wiktor"]
[Result "1/2-1/2"]
[WhiteElo "1901"]
[BlackElo "1787"]
[PlyCount "56"]
[EventDate "2015.??.??"]

1. e4 e5 2. d4 exd4 3. Bc4 Nf6 4. Nf3 d5 5. exd5 Bb4+ 6. c3 Qe7+ 7. Kf1 dxc3 8.
Qa4+ Bd7 9. Qb3 b5 10. Bd3 a6 11. Nxc3 Bg4 12. Bg5 Bxc3 13. Qxc3 O-O 14. Re1
Qd6 15. Bxf6 gxf6 16. Qc2 Nd7 17. Bxh7+ Kg7 18. Bf5 Bh5 19. g4 Bg6 20. Bxg6
fxg6 21. Nh4 Ne5 22. Rg1 Rh8 23. f4 Rxh4 24. fxe5 fxe5 25. Qe4 Rxh2 26. Re2
Rf8+ 27. Ke1 Rxe2+ 28. Kxe2 Rf4 1/2-1/2

[Event "Ogolnopolski Turniej Fianchetto"]
[Site "Jastrzebia Gora"]
[Date "2015.??.??"]
[Round "6.10"]
[White "Najdzionek, Boleslaw"]
[Black "Woda, Janusz"]
[Result "1-0"]
[WhiteElo "1818"]
[BlackElo "1588"]
[PlyCount "93"]
[EventDate "2015.??.??"]

1. d4 Nf6 2. c4 c5 3. d5 b5 4. Nc3 bxc4 5. e4 d6 6. Bxc4 g6 7. Nge2 Bg7 8. O-O
O-O 9. Qd3 Nbd7 10. f4 Nb6 11. Bb5 Bd7 12. a4 Bxb5 13. Nxb5 c4 14. Qc2 a6 15.
Nbd4 Qd7 16. a5 Nbxd5 17. exd5 Nxd5 18. Kh1 Rfc8 19. Bd2 e5 20. fxe5 Bxe5 21.
Nf3 Bg7 22. Ng3 Rab8 23. Rab1 Qb5 24. Ne4 Nb4 25. Qd1 Qc6 26. Bxb4 Qxe4 27. Bc3
Bxc3 28. bxc3 Rxb1 29. Qxb1 Qd5 30. Qb4 Kg7 31. Qb6 h6 32. h3 Rc5 33. Qxa6 Rxa5
34. Qb6 Rc5 35. Nd4 Ra5 36. Ne6+ Qxe6 37. Qxa5 Qe2 38. Rf3 Qd1+ 39. Kh2 f5 40.
Qa7+ Kf6 41. Re3 f4 42. Qe7+ Kf5 43. Qe6+ Kg5 44. Re5+ dxe5 45. Qxe5+ Kh4 46.
Qxf4+ Kh5 47. g4+ 1-0